Authorised Economic Operator (AEO) Customs Golden Client (CGC) / (Record no. 3918)

000 -LEADER
fixed length control field nam a22 a 4500
005 - DATE AND TIME OF LATEST TRANSACTION
control field 20170524123049.0
008 - FIXED-LENGTH DATA ELEMENTS--GENERAL INFORMATION
fixed length control field 170524b my ||||| |||| 00| 0 eng d
040 ## - CATALOGING SOURCE
Original cataloging agency AKMAL
082 ## - DEWEY DECIMAL CLASSIFICATION NUMBER
Classification number 352.448595 RMC
090 ## - LOCALLY ASSIGNED LC-TYPE CALL NUMBER (OCLC); LOCAL CALL NUMBER (RLIN)
Classification number (OCLC) (R) ; Classification number, CALL (RLIN) (NR) 352.448595
Local cutter number (OCLC) ; Book number/undivided call number, CALL (RLIN) RMC
245 10 - TITLE STATEMENT
Title Authorised Economic Operator (AEO) Customs Golden Client (CGC) /
Statement of responsibility, etc. Royal Malaysian Customs .
260 ## - PUBLICATION, DISTRIBUTION, ETC.
Place of publication, distribution, etc. Putrajaya:
Name of publisher, distributor, etc. Royal Malaysian Customs ,
Date of publication, distribution, etc. [?]
300 ## - PHYSICAL DESCRIPTION
Extent 50pages:
Other physical details col. ill.;
Dimensions 25cm
710 2# - ADDED ENTRY--CORPORATE NAME
Corporate name or jurisdiction name as entry element Royal Malaysian Customs
9 (RLIN) 7731
942 ## - ADDED ENTRY ELEMENTS (KOHA)
Source of classification or shelving scheme
Koha item type Book
950 ## - LOCAL HOLDINGS (RLIN)
Permanent shelving location, LOC (RLIN) AKMAL
Holdings
Withdrawn status Lost status Source of classification or shelving scheme Damaged status Not for loan Collection code Home library Current library Shelving location Date acquired Inventory number Total Checkouts Full call number Barcode Date last seen Price effective from Koha item type
          NON-FICTION AKMAL Melaka AKMAL Melaka PINJAMAN 24.05.2017 001185   352.448595 RMC 201705033 24.05.2017 24.05.2017 Book
          NON-FICTION AKMAL Melaka AKMAL Melaka PINJAMAN 24.05.2017 001186   352.448595 RMC 201705034 24.05.2017 24.05.2017 Book
          NON-FICTION AKMAL Melaka AKMAL Melaka PINJAMAN 24.05.2017 001187   352.448595 RMC 201705035 24.05.2017 24.05.2017 Book
          NON-FICTION AKMAL Melaka AKMAL Melaka PINJAMAN 24.05.2017 001188   352.448595 RMC 201705036 24.05.2017 24.05.2017 Book
          NON-FICTION AKMAL Melaka AKMAL Melaka PINJAMAN 24.05.2017 001189   352.448595 RMC 201705037 24.05.2017 24.05.2017 Book
          NON-FICTION AKMAL Melaka AKMAL Melaka PINJAMAN 24.05.2017 001190   352.448595 RMC 201705038 24.05.2017 24.05.2017 Book
          NON-FICTION AKMAL Melaka AKMAL Melaka PINJAMAN 24.05.2017 001191   352.448595 RMC 201705039 24.05.2017 24.05.2017 Book
Pusat Sumber Maklumat Dato' Haji Sarmin Md Hussin, Akademi Kastam Diraja Malaysia, Melaka
Tel: 06-2331106 | Faks: 06-2313787